| 000 | 00991cam a2200313 a 4500 | ||
|---|---|---|---|
| 001 | 16274166 | ||
| 005 | 20180315085058.0 | ||
| 008 | 100609s2012 maua f 001 0 eng | ||
| 010 | _a 2010930337 | ||
| 020 | _a9780495912637 (spiral bound) | ||
| 020 | _a0495912638 (spiral bound) | ||
| 020 | _a9781111348700 (pbk.) | ||
| 020 | _a1111348707 (pbk.) | ||
| 035 | _a(OCoLC)ocn698053507 | ||
| 040 |
_aAU@ _beng _cAU@ _dOUP _dMNK _dYDXCP _dSINUS _dS9I _dBTCTA _dBWX _dINELK _dCUI _dBDX _dDLC |
||
| 041 | _aeng | ||
| 042 | _alccopycat | ||
| 060 | 4 |
_aWZ 345 _bP4586p 2012 |
|
| 080 | _a808.06615 PER | ||
| 082 | 0 | 4 |
_a808.06615 PER _222 |
| 100 | 1 | _a25 | |
| 101 | _aEDU | ||
| 245 | 1 | 0 |
_aPocket guide to APA style / _cRobert Perrin. |
| 246 | 3 | _aPocket guide to American Psychological Association style | |
| 906 |
_a7 _bcbc _ccopycat _d2 _encip _f20 _gy-gencatlg |
||
| 942 |
_2ddc _cBK |
||
| 999 |
_c45146 _d45146 |
||